MDQL
is popping MORE tags! Check the
thread
!
Quizzes
Events
Quiz Creation
Community
Videos
Private Events
Remove Ads
Sign In
Join for FREE
Feedback
Dark Mode
Quiz Categories
Sports
Geography
Music
Movies
Television
Just For Fun
Miscellaneous
History
Literature
Language
Science
Gaming
Entertainment
Religion
Holiday
For Kids
Quiz Lab
Recent
Popular Today
Quiz Kudos Today
Editor Picks
Curator Picks
Quizzes by...
Day
Popularity
Type
Ratings
Length
Year
Community
Subscriptions
Recent Discussions
Orange Saloon
Badges
Playlists
Quests
Create
Leaderboards
Showdown
Live 5
Trivia Bingo
Activity
Puzzle Library
Sporcle Events
Private Events
Virtual Trivia
Globe League
Become a Host
Pub Owners
SporcleCon
Opinionation
Our Games
Videos
Blog
Mobile Apps
Partnerships
Remove Ads and Go Orange
Feedback
Just For Fun
Clickable
Get the Picture
Humor
Quick Pick
Word Ladder
Missing Word
Mixed Word
Blitz
Minefield
This or That
Alphabet
Color
Typing
Sporcle
Puzzle
Word Play
Follow That Line
Logic
Just For Fun
Clickable
Get the Picture
Humor
Quick Pick
Word Ladder
Missing Word
Mixed Word
Blitz
Minefield
This or That
Alphabet
Color
Typing
Sporcle
Puzzle
Word Play
Follow That Line
Logic
Random Quiz
Search Sporcle
×
Quiz Lab
Quiz Lab
Just For Fun
World
Type in answers that appear in a list
Type in answers that appear in a list
Classic
Best Score? Go Orange.
Disney world rides Stats
Can you name the magic kingdom rides?
By
mattyb153
13m
36 Questions
152 Plays
152 Plays
152 Plays
Comments
Comments
Give Quiz Kudos
Give Quiz Kudos
-
- Ratings
hide this ad
Replay
Link that replays current quiz
Next Quiz
Link to next quiz in quiz playlist
You Got
0%
They Got
Avg Score
51%
Avg Friend Score
Upgrade to see
Score Distribution
Jump to the score distribution portion of the page
Score
0/36
Timer
13:00
0
Plays Today
clue on ride
ride
% Correct
break through a barn in the toon town
barnstormer
79.6%
prepare to be spooked in liberty square
haunted mansion
78.3%
all aboard the train in fronteir land
big thunder mountain railroad
77%
fly on an exotic animal in fantasy land
dumbo
76.3%
fly high in tomorrow land
astro orbiter
75%
explore the many animals in adventure land
jungle cruise
70.4%
travel through space in tomorrow land
space mountain
69.7%
ride in a boat in fantasy land
its a small world
69.1%
prepare to get wet in fronteir land
splash mountain
67.8%
spin non stop in fantasy land
mad tea party
65.1%
survive the pirates in adventure land
pirates of the caribbean
64.5%
battle captain hook in fantasy land
peter pans flight
61.8%
become a test dummy in epcot
test track
58.6%
fly in a hang glider in epcot
soarin
56.6%
drop down an abandoned elevator in hollywood studios
tower of terror
56.6%
rock out with areosmith on this rollar coaster in hollywood studios
rock n rollercoaster
55.3%
fly to space in epcot
mission space
53.3%
rum away from the yeti in this coaster in animal kingdom
expedition everest
53.3%
clue on ride
ride
% Correct
laugh out loud in tomorrow land
monsters inc laugh floor
52.6%
fly with the jedi in hollywood studios
star tours
52.6%
go back to the most famous films ever in hollywood studios
great movie ride
52%
prepare to get wet on this raft ride in animal kingdom
kali river rapids
50%
do some target practice with woody in hollywood studios
toy story mania
48.7%
go back in time to find a special animal in animal kingdom
dinosaur
48.7%
race in tomorrow land
tomorrowland speedway
47.4%
eliminate aliens in tomorow land
buzz light year space ranger spin
46.7%
hop up and down in fantasy land
winnie the pooh
42.1%
save a princess in fantasy land
snow white
40.1%
explore the seas with some special fish in epcot
seas with nemo and friends
36.2%
learn how to save the earth in epcot
living with the land
32.9%
take a tour on how movies are made in hollywood studios
studio backlot tour
32.2%
learn about mexico with donald duck in epcot
grand fiesta tour
23%
take a bus ride to see african animals in animal kingdom
kilamanjaro safari
19.1%
imagine with a dragon in epcot
imagination with figment
18.4%
go back to ancient norway in epcot
measlestorm
14.5%
fly with aladin in adventure land
magic flying carpets
13.8%
Quiz Playlist
Details
Report
Send in Message
Add To Playlist
Classic:
Type in answers that appear in a list
Last Updated: Feb 16, 2017
Quiz Scoreboard
CHALLENGE
Sign Up to Join the Scoreboard
Show All
Scores
Hide
Comments
May contain spoilers
Recently Published
1-10 Letter E Words III
by El_Dandy
Language
2m
Street Fighter Characters
by Artimus82
Gaming
60s
College Basketball Coaching Resumes
by pancakes188
Sports
9m
More to Explore
Quiz From the Vault
Featured Blog Post
Where Did the Easter Bunny Come From?
hide this ad
You Might Also Like...
Tags
Disney Quiz
World Quiz
Kingdom
magic
Nothing
ride
Today's Top Quizzes in Just For Fun
Browse Just For Fun
hide this ad
Today's Top Quizzes in World
Browse World
Top Contributed Quizzes in Just For Fun
1
Name Just One - 10 to 1: Just For Fun
2
Killer Double Trees 224 - Colour Match-Up
3
Spring Typing Challenge
4
Crossword Whiteout! 49
5
Zeroing In: Just For Fun
6
Survivor Winners Logic Puzzle
7
Word Ladder: Ahoy Matey
8
Word Ladder: Wilderness Weapon
9
Kyle's 122nd Triple Trees
10
Clickable Animal Jokes #2
Explore More
Trending Topics
Kpop
Harry Potter
Anime
NBA
Crossword
Disney
Marvel
Puzzle
The Office
Song
WWE
Country
Pokémon
Soccer
NFL
hide this ad
More By:
mattyb153
Quiz
Plays
Rating
Category
Featured
Created
disney world rides
152
1.25
Just For Fun
Feb 24, 2011
Go to Creator's Profile
Score Distribution
Quiz Creator Spotlight
mattyb153
Follow
Send a Message
Quizzes Created
-
Created Quiz Play Count
-
More By This Creator
Popular Quizzes Today
1
Find the US States - No Outlines Minefield
2
Find the Countries of Europe - No Outlines Minefield
3
The Countries of the World
4
Find the US States
5
Risky Map Clicking: Biggest States A-Z
6
US States
7
Popular People in 1961
8
Movies - When Are They Set?
More Just For Fun Quizzes
Quick Pick: Famous Ohioans
Published
Trending Quizzes
Risky Map Clicking: Least Populous States A-Z
Billboard Blitz: Aretha Franklin
Famous Russians: Author or Composer?
1-10 Letter G Words
Countries of the World: 200 Million BC
Recently Updated
Leaping Animals
pecheneg
Reality TV Shows (A-Z)
bhenderson79
Rickey Henderson's Hall of Fame Teammates
pecheneg
Champions League XIs: Arsenal
pecheneg
Quick Pick: Celebrities in WWE's Hall of Fame
aduchscher
A-Z Keypad Blitz II
pecheneg
Multiple Oscar Actors
pecheneg
Mystery Phrase Blitz: Oscar 'Best Actors'
pecheneg
F. Scott Fitzgerald Novels
LTH
Pick 3 Villains
ddd62291
Trending Topics
Marvel
Harry Potter
NBA
Disney
Crossword
Kpop
Anime
Puzzle
Pokémon
Soccer
Song
The Office
Country
WWE
NFL
Your Account Isn't Verified!
In order to create a playlist on Sporcle, you need to verify the email address you used during registration. Go to your
Sporcle Settings
to finish the process.
Report this User
Report this user for behavior that violates our
Community Guidelines
.
Details:
Send Report
Go to the Sporcle.com Mobile Site →
Comments